000 00395nam a2200169Ia 4500
008 210210b1929 xxu||||| |||| 00| 0 eng d
041 _aeng
082 _a320/674
100 _aHARRIS (H Wilson)
245 _aLeague of nations
260 _aLondon
_bEarnest Benn Limited
_c1929
300 _a80
650 _anations
650 _aLeague
690 _aPolitical Science
906 _a003305
999 _c120939
_d120939